000 00311 a2200145 4500
001 75777
040 _cAnchieta - Colégio São Paulo
100 _aChamlian, Regina
240 1 0 _aTrio tantã
_lpor
245 1 0 _aTrio tantã
300 _a[14]
362 0 _a1996
650 4 _aLiteratura infantil
942 _cBK
999 _c75777
_d75777